| 000 | 01114nac a22002651u 4500 | ||
|---|---|---|---|
| 010 | _a 95012076 | ||
| 020 | _a0471109177 (acid-free paper) | ||
| 082 | 0 | 0 |
_a304.2 _bVAN |
| 090 |
_c6066 _d6066 |
||
| 100 | _aVandermeer, John H. | ||
| 245 | 1 | 0 |
_aReconstructing biology : _bgenetics and ecology in the new world order / _cJohn Vandermeer. |
| 260 |
_aNew York : _bWiley,c1996. _cc1996. |
||
| 300 |
_axvii, 478 p. : _bill. ; _c24 cm. |
||
| 500 | _aDistributer: Al-Ahram. | ||
| 504 | _aIncludes bibliographical references (p. 444-458) and index. | ||
| 511 | _aCatalogued By: Mahitab. | ||
| 650 | 0 |
_aBiology _xSocial aspects. |
|
| 650 | 0 | _aHuman ecology. | |
| 650 | 0 |
_aGenetics _xSocial aspects. |
|
| 650 | 0 |
_aEvolution (Biology) _xSocial aspects. |
|
| 856 | 4 |
_3Table of Contents _uhttp://www.loc.gov/catdir/toc/onix01/95012076.html |
|
| 856 | 4 |
_3Contributor biographical information _uhttp://www.loc.gov/catdir/enhancements/fy0706/95012076-b.html |
|
| 856 | 4 |
_3Publisher description _uhttp://www.loc.gov/catdir/enhancements/fy0706/95012076-d.html |
|
| 942 |
_cBB _k304.2VAN |
||
| 999 |
_c6066 _d6066 |
||